00428cam a22001337a 4500008004000000082001200040100001800052245005500070260003300125300001000158650002500168999001900193952008200212180718b1955 xxu||||| |||| 00| 0 eng d aR7 K773 aKnox, John B. aSociology of industrial relationscby John B. Knox aNew YorkbRandom Housec1955 a348p. aIndustrial relations c434632d434632 00104070aIIPAbIIPAd2010-02-17oR7 K773p3314r2018-07-21w2018-07-21yBK